|
|
|
|
| LEADER |
01392nam a22003017a 4500 |
| 001 |
44485 |
| 003 |
BD-DhAAL |
| 005 |
20250722141657.0 |
| 008 |
250722t2000 bg a|||| |||| 00| 0 ben d |
| 020 |
|
|
|a 9844120845
|
| 040 |
|
|
|a BD-DhAAL
|c BD-DhAAL
|
| 041 |
|
|
|a ben
|
| 082 |
|
|
|a 891.44372
|2 23
|
| 100 |
|
|
|a হক, আনিসুল.
|
| 245 |
|
|
|a কাকের নাম সাবানি /
|c আনিসুল হক.
|
| 260 |
|
|
|a ঢাকা :
|b অনন্যা,
|c ২০০০.
|
| 300 |
|
|
|a ৫৪ পৃষ্ঠা :
|b চিত্র ;
|c ২২ সে.মি.
|
| 500 |
|
|
|a Juvenile stories.
|
| 500 |
|
|
|a প্রথম প্রকাশ : ১৯৯৬ ; দ্বিতীয় প্রকাশ : ২০০০
|
| 541 |
|
|
|a Donated by Farhana Zahir, Assistant Professor, BRAC Business School
|e 44485
|
| 650 |
|
|
|a Children's stories, Bengali.
|
| 650 |
|
|
|a Children's stories, Bengali
|z Bangladesh.
|9 42275
|
| 650 |
|
|
|a Bengali literature.
|
| 655 |
|
|
|a Fantasy fiction.
|
| 852 |
|
|
|a Ayesha Abed Library
|c General Stacks
|
| 942 |
|
|
|2 ddc
|c BK
|
| 999 |
|
|
|c 47334
|d 47334
|
| 952 |
|
|
|0 0
|1 0
|2 ddc
|4 0
|6 891_443720000000000_HOQ
|7 0
|9 77881
|a BRACUL
|b BRACUL
|c GEN
|d 2025-07-22
|e Donated by Farhana Zahir, Assistant Professor, BRAC Business School
|g 45.00
|l 0
|o 891.44372 HOQ
|p 3010044485
|r 2025-07-22
|t 1
|v 90.00
|w 2025-07-22
|y BK
|x Donated by Farhana Zahir, Assistant Professor, BRAC Business School
|